SYZYGIES and Hilbert functions
Guardat en:
| Format: | Llibre |
|---|---|
| Idioma: | anglès |
| Publicat: |
Chapman and Hall/CRC
2009
|
| Etiquetes: |
Afegir etiqueta
Sense etiquetes, Sigues el primer a etiquetar aquest registre!
|
MARC
| LEADER | 00000nam a22000007a 4500 | ||
|---|---|---|---|
| 008 | 201223b ||||| |||| 00| 0 eng d | ||
| 020 | |a 1-58488-860-1 | ||
| 245 | |a SYZYGIES and Hilbert functions |c edited by Irena Peeva | ||
| 250 | |c PEEVA, Irena | ||
| 260 | |b Chapman and Hall/CRC |c 2009 |h London |i 657124 |l QA247 .Sy9 |m Syzygies (Mathematics). |m Hilbert space. | ||
| 500 | |a (Lecture notes in Pure and Applied Mathematics v254). | ||
| 942 | |a lcc |c BK |e ADEYEYE Y. S. |f 23/12/2020 | ||
| 952 | |0 0 |1 0 |2 lcc |4 0 |6 QA0247 S Y9 |7 0 |9 1170 |a HOL |b HOL |c QZ |d 2020-12-23 |l 0 |o QA247 .Sy9 |p 2020-230376 |r 2020-12-23 00:00:00 |w 2020-12-23 |y BK | ||
| 999 | |c 613 |d 613 | ||